[Event "III Open"]
[Site "Bolzano - Bozen ITA"]
[Date "2008.05.??"]
[Round "7"]
[White "Mukic, Josko"]
[Black "Holzer, Philipp"]
[Result "1-0"]
[WhiteElo "2339"]
[BlackElo "1500"]
[PlyCount "153"]
[EventDate "2008.05.09"]

1. d4 Nf6 2. Bg5 g6 3. Bxf6 exf6 4. h4 h5 5. e3 d5 6. c4 c6 7. cxd5 Qxd5 8. Nc3
Bb4 9. a3 Bxc3+ 10. bxc3 Nd7 11. Ne2 f5 12. Nf4 Qe4 13. Qb3 Nf6 14. Bc4 Qe7 15.
a4 Ne4 16. Rd1 Nd6 17. d5 c5 18. Be2 O-O 19. g3 Kh7 20. O-O Qc7 21. c4 Bd7 22.
Ra1 b6 23. Bd3 Rae8 24. Qc3 f6 25. a5 Rb8 26. axb6 axb6 27. Rfb1 Rb7 28. Ra6
Kg7 29. Qb2 Rfb8 30. Qa1 Kf7 31. Rc1 Kg7 32. Be2 Kf7 33. Bf3 Kg7 34. Bd1 Kf7
35. Ba4 Bxa4 36. Qxa4 Qd7 37. Qa1 Nc8 38. Ne6 Nd6 39. Kg2 Ke7 40. Qc3 Ra7 41.
Rxa7 Qxa7 42. Ra1 Qb7 43. Nf4 Kf7 44. Qb3 Kg7 45. Ra4 Kf7 46. Qa2 Nc8 47. Kh2
Qd7 48. Ne6 Qd6 49. Ra8 Rxa8 50. Qxa8 Qd7 51. Qb8 Ke7 52. Kh1 Kf7 53. Qf4 Kg8
54. e4 Nd6 55. exf5 gxf5 56. Qh6 Qf7 57. Nf4 Qg7 58. Qxh5 Qg4 59. Qh6 Qg7 60.
Qxg7+ Kxg7 61. Ne6+ Kh6 62. Nc7 Nxc4 63. Nb5 Ne5 64. d6 Kh5 65. Kg2 c4 66. f4
Nd7 67. Kf3 Nc5 68. Ke3 Kg6 69. Kd4 Kf7 70. Kxc4 Ke6 71. h5 Nd7 72. h6 Kf7 73.
Kd5 Kg6 74. Kc6 Nf8 75. d7 Nxd7 76. Kxd7 Kxh6 77. Ke6 1-0

[Event "VII Festival Marco Gerolamo Vida A"]
[Site "Cremona ITA"]
[Date "2008.04.27"]
[Round "6"]
[White "Paulmichl, Martin"]
[Black "Vezzosi, Paolo"]
[Result "1-0"]
[WhiteElo "2081"]
[BlackElo "2351"]
[PlyCount "49"]
[EventDate "2008.04.25"]

1. d4 Nf6 2. Bg5 Ne4 3. Bh4 c5 4. f3 g5 5. fxe4 gxh4 6. e3 Bh6 7. Bc4 e6 8. Nf3
Bxe3 9. d5 b5 10. Bxb5 Qb6 11. dxe6 Qxb5 12. exf7+ Ke7 13. Nc3 Qa5 14. Qd5 Nc6
15. Nxh4 Bd4 16. O-O-O Bxc3 17. Qd6+ Kd8 18. f8=Q+ Rxf8 19. Qxf8+ Kc7 20. Qd6+
Kb6 21. bxc3 Qxc3 22. Rd3 Qa1+ 23. Kd2 Qxh1 24. Rb3+ Ka6 25. Qd3+ 1-0

[Event "X Open"]
[Site "Crema ITA"]
[Date "2008.09.05"]
[Round "1"]
[White "Acunzo, Domenico"]
[Black "Mandotti, Marco"]
[Result "1-0"]
[WhiteElo "1787"]
[BlackElo "1386"]
[PlyCount "49"]
[EventDate "2008.09.05"]

1. e4 e5 2. f4 exf4 3. Nf3 g5 4. Nc3 Nc6 5. d4 Bb4 6. d5 Na5 7. Qd4 Bxc3+ 8.
Qxc3 Nf6 9. Qxa5 Nxe4 10. Bd3 Nf6 11. d6 b6 12. Qe5+ Kf8 13. O-O h6 14. Be4 c6
15. Bf5 Kg7 16. b3 Re8 17. Qc3 Ba6 18. Re1 Rxe1+ 19. Qxe1 b5 20. Bb2 Qb6+ 21.
Kh1 Qc5 22. Qe5 Qxe5 23. Nxe5 Re8 24. Nxd7 h5 25. Nxf6 1-0

[Event "X Open"]
[Site "Crema ITA"]
[Date "2008.09.05"]
[Round "1"]
[White "Arbore, Daniele"]
[Black "Balzano, Aldo"]
[Result "0-1"]
[WhiteElo "1374"]
[BlackElo "1777"]
[PlyCount "96"]
[EventDate "2008.09.05"]

1. d4 Nf6 2. c4 g6 3. Nc3 Bg7 4. b4 O-O 5. Bb2 d6 6. a3 Nbd7 7. Qb3 e5 8. d5 a6
9. a4 Qe7 10. e4 Kh8 11. Bd3 Nh5 12. Nge2 f5 13. f3 Ndf6 14. Qc2 fxe4 15. fxe4
Ng4 16. O-O-O Ne3 17. Qb3 Nxd1 18. Rxd1 Qg5+ 19. Kb1 Qxg2 20. Rg1 Qxh2 21. Qd1
Qf2 22. Nc1 Bh3 23. Be2 Ng3 24. Nd3 Qh2 25. Qe1 Nxe2 26. Rh1 Nxc3+ 27. Bxc3
Qxh1 28. Qxh1 Rf1+ 29. Qxf1 Bxf1 30. Kc2 Bxd3+ 31. Kxd3 Rf8 32. Ke3 Bh6+ 33.
Ke2 Rf4 34. Ke3 Rh4+ 35. Kf3 Rh3+ 36. Ke2 Rxc3 37. c5 Bf8 38. cxd6 cxd6 39. Kd2
Ra3 40. a5 h5 41. Ke2 h4 42. Kf2 h3 43. Kg1 g5 44. Kh2 g4 45. Kg1 g3 46. Kf1
Ra2 47. Ke1 h2 48. Kf1 h1=Q# 0-1

[Event "X Open"]
[Site "Crema ITA"]
[Date "2008.09.05"]
[Round "1"]
[White "Attolico, Donato"]
[Black "Tagliaferri, Valerio"]
[Result "0-1"]
[WhiteElo "1476"]
[BlackElo "1917"]
[PlyCount "84"]
[EventDate "2008.09.05"]

1. d4 d5 2. Nf3 Nf6 3. e3 Bg4 4. h3 Bh5 5. Nbd2 e6 6. Be2 Nbd7 7. c3 c5 8. Nh2
Bg6 9. O-O Bd6 10. Re1 O-O 11. Nhf3 Ne4 12. Nf1 Qe7 13. N1d2 a6 14. a4 c4 15.
Bf1 f5 16. Be2 Kh8 17. Rf1 Bh5 18. Ne1 Bxe2 19. Qxe2 g5 20. Nxe4 fxe4 21. f3
Nf6 22. g4 exf3 23. Nxf3 Ne4 24. Qc2 Rf7 25. Ne5 Rxf1+ 26. Kxf1 Qf6+ 27. Kg2
Rf8 28. Qe2 Bxe5 29. dxe5 Qxe5 30. Qe1 Rf2+ 31. Qxf2 Nxf2 32. Kxf2 Qh2+ 33. Ke1
Qxh3 34. Kd1 Qxg4+ 35. Kc2 Qe4+ 36. Kd1 g4 37. Ke2 Qf3+ 38. Ke1 g3 39. e4 g2
40. Be3 Qxe3+ 41. Kd1 g1=Q+ 42. Kc2 Qd3# 0-1

[Event "X Open"]
[Site "Crema ITA"]
[Date "2008.09.05"]
[Round "1"]
[White "Balzano, Filli"]
[Black "Barucco, Mattia"]
[Result "0-1"]
[WhiteElo "1605"]
[BlackElo "2029"]
[PlyCount "101"]
[EventDate "2008.09.05"]

1. e4 e5 2. Nf3 Nc6 3. d4 exd4 4. Nxd4 Nf6 5. Nc3 Bb4 6. Nxc6 bxc6 7. Bd3 d5 8.
exd5 cxd5 9. Bb5+ Bd7 10. Qe2+ Be7 11. Bxd7+ Qxd7 12. O-O O-O 13. b3 Rfe8 14.
Qd3 h6 15. Bb2 c6 16. Rad1 Bd6 17. Rfe1 Re6 18. f3 Rae8 19. Rxe6 Qxe6 20. Qd2
Bc5+ 21. Kf1 Be3 22. Qe1 Qf5 23. Rd3 Bf4 24. Qf2 Qh5 25. g3 Bd6 26. Kg2 Re7 27.
Rd2 Qg6 28. Re2 Rxe2 29. Qxe2 h5 30. Kf1 Qf5 31. Kg2 h4 32. g4 Qf4 33. Kg1 Kf8
34. Qf2 g5 35. Ne2 Qd2 36. Bxf6 Qxc2 37. Bxg5 h3 38. Nd4 Qd1+ 39. Qf1 Qxd4+ 40.
Kh1 Bc5 41. Qe1 Qf2 42. Qxf2 Bxf2 43. Bf4 Ke7 44. Bg3 Be3 45. Be1 c5 46. Ba5
Ke6 47. Be1 d4 48. f4 Bxf4 49. Kg1 Ke5 50. b4 cxb4 51. Bxb4 0-1

[Event "X Open"]
[Site "Crema ITA"]
[Date "2008.09.05"]
[Round "1"]
[White "Bastianello, Federico"]
[Black "Distratis, Gianluca"]
[Result "1/2-1/2"]
[WhiteElo "1455"]
[BlackElo "1873"]
[PlyCount "89"]
[EventDate "2008.09.05"]

1. Nf3 d6 2. g3 Bg4 3. Bg2 Nf6 4. d3 Nbd7 5. Nbd2 c6 6. e4 Qa5 7. h3 Bh5 8. O-O
O-O-O 9. Nc4 Qc7 10. Qe1 e5 11. Qa5 Qxa5 12. Nxa5 Bxf3 13. Bxf3 Be7 14. c4 Nf8
15. Be3 Kb8 16. b4 Ne6 17. b5 c5 18. Nb3 g5 19. Bg2 h5 20. a4 h4 21. g4 Nf4 22.
Bxf4 gxf4 23. f3 Nd7 24. a5 Nf8 25. a6 bxa6 26. Rxa6 Ne6 27. Rfa1 Rd7 28. Na5
Nd4 29. Nc6+ Nxc6 30. Rxc6 Rc8 31. Rxc8+ Kxc8 32. Ra6 Rb7 33. Bf1 Kd7 34. Be2
Bd8 35. Bd1 Bc7 36. Ba4 Bb8 37. Bb3 f6 38. Ra2 Kc7 39. Ra6 Rb6 40. Rxb6 Kxb6
41. Kf2 Ka5 42. Ke2 Kb4 43. Bd1 Bc7 44. Kd2 Ba5 45. Kc2 1/2-1/2

[Event "X Open"]
[Site "Crema ITA"]
[Date "2008.09.05"]
[Round "1"]
[White "Bastianello, Tito"]
[Black "Saba, Marco"]
[Result "0-1"]
[WhiteElo "1494"]
[BlackElo "1921"]
[PlyCount "114"]
[EventDate "2008.09.05"]

1. e4 d5 2. exd5 Nf6 3. Bb5+ Bd7 4. Bc4 b5 5. Bb3 Bg4 6. f3 Bc8 7. Qe2 Ba6 8.
d6 Qxd6 9. Nh3 e6 10. d3 Be7 11. Bf4 Qb6 12. Nc3 c5 13. O-O-O Nc6 14. Be3 Na5
15. Rhe1 Nxb3+ 16. axb3 Rd8 17. b4 O-O 18. Ne4 Nxe4 19. fxe4 Qc7 20. bxc5 Bxc5
21. Bxc5 Qxc5 22. e5 b4 23. b3 Qc3 24. Kb1 Rd5 25. Qd2 Ra5 26. Qxc3 bxc3 27.
Nf2 Bb7 28. g3 Bf3 29. Rc1 Rc8 30. Re3 Rc6 31. Ne4 Bxe4 32. Rxe4 Rca6 33. Ra4
Rxa4 34. bxa4 Rxa4 35. Rd1 Kf8 36. d4 Rb4+ 37. Kc1 a5 38. d5 exd5 39. Rxd5 Re4
40. Kb1 Rb4+ 41. Kc1 Re4 42. Kb1 Re1+ 43. Ka2 Re2 44. Kb3 Rxh2 45. Kxc3 Rh3 46.
Rd3 Ke7 47. Kd4 Rh2 48. c4 Ra2 49. c5 a4 50. c6 Rb2 51. Kc3 Rb3+ 52. Kc4 Rxd3
53. Kxd3 Kd8 54. Kc4 Kc7 55. Kd5 a3 56. e6 fxe6+ 57. Kxe6 a2 0-1

[Event "X Open"]
[Site "Crema ITA"]
[Date "2008.09.05"]
[Round "1"]
[White "Biava, Pierluigi"]
[Black "Tedoldi, Guido"]
[Result "1-0"]
[WhiteElo "1872"]
[BlackElo "1449"]
[PlyCount "45"]
[EventDate "2008.09.05"]

1. d4 e6 2. Nf3 c5 3. e3 cxd4 4. exd4 Nc6 5. c3 d6 6. Bd3 Nf6 7. O-O Be7 8. Bg5
O-O 9. Nbd2 Re8 10. Re1 Nd5 11. Bxe7 Qxe7 12. Qc2 g6 13. g3 Nf6 14. Re2 Qf8 15.
Rae1 Ne7 16. Ng5 Qh6 17. f4 Ng4 18. Nde4 Nf5 19. h3 f6 20. hxg4 Nxg3 21. Rh2
Qf8 22. Nxh7 Qf7 23. Nxd6 1-0

[Event "X Open"]
[Site "Crema ITA"]
[Date "2008.09.05"]
[Round "1"]
[White "Bonade', Massimo"]
[Black "Gonella, Daniele"]
[Result "1-0"]
[WhiteElo "2110"]
[BlackElo "1739"]
[PlyCount "65"]
[EventDate "2008.09.05"]

1. d4 d5 2. c4 c6 3. Nf3 g6 4. Nc3 Bg7 5. e3 Nf6 6. Bd3 O-O 7. O-O Na6 8. Ne5
Nd7 9. f4 Nxe5 10. fxe5 Nc7 11. b3 f6 12. exf6 Rxf6 13. Rxf6 exf6 14. Qf3 Be6
15. Ba3 Bf8 16. Bxf8 Qxf8 17. e4 Qb4 18. Ne2 dxc4 19. bxc4 Bxc4 20. Rb1 Qa4 21.
Bxc4+ Qxc4 22. Rxb7 Ne8 23. Qh3 Qxa2 24. Qxh7+ Kf8 25. Qh6+ Kg8 26. Qxg6+ Kf8
27. Qh6+ Kg8 28. Qh7+ Kf8 29. Qh8+ Qg8 30. Qh6+ Qg7 31. Rxg7 Nxg7 32. Qh8+ Kf7
33. Qxa8 1-0

[Event "X Open"]
[Site "Crema ITA"]
[Date "2008.09.05"]
[Round "1"]
[White "Bongiorni, Gabriele"]
[Black "Sperli', Maurizio"]
[Result "1-0"]
[WhiteElo "1813"]
[BlackElo "1434"]
[PlyCount "71"]
[EventDate "2008.09.05"]

1. d4 d5 2. c4 c6 3. Nc3 Nf6 4. Nf3 Bf5 5. e3 e6 6. Be2 Nbd7 7. c5 b6 8. b4 a5
9. cxb6 Nxb6 10. b5 Bb4 11. Qb3 Ne4 12. Bb2 O-O 13. bxc6 f6 14. O-O Bxc3 15.
Bxc3 a4 16. Qb2 Qc7 17. Rac1 Rfb8 18. Bb4 g5 19. Qa3 Nc8 20. Ne1 Rb6 21. f3
Rxb4 22. Qxb4 Rb8 23. Qxa4 Nd2 24. Rf2 Nb6 25. Qa6 Nbc4 26. e4 Bg6 27. Bxc4
Nxc4 28. Rfc2 Rb6 29. Qa8+ Kg7 30. Rxc4 dxc4 31. Rxc4 Kh6 32. Rc1 Rb2 33. Qf8+
Kh5 34. g4+ Kh4 35. Qh6+ Bh5 36. Qxh5# 1-0

[Event "X Open"]
[Site "Crema ITA"]
[Date "2008.09.05"]
[Round "1"]
[White "Calabrese, Maurizio"]
[Black "Vishanji, Adrian"]
[Result "0-1"]
[WhiteElo "1588"]
[BlackElo "1974"]
[PlyCount "50"]
[EventDate "2008.09.05"]

1. e4 e5 2. Nf3 Nc6 3. Bb5 a6 4. Ba4 Nf6 5. O-O b5 6. Bb3 Bc5 7. c3 d6 8. d4
Bb6 9. Bg5 h6 10. Bh4 g5 11. Bg3 Bg4 12. d5 Ne7 13. Qd3 Ng6 14. Nbd2 Nh5 15.
Kh1 Nhf4 16. Qc2 h5 17. h3 Bxf3 18. Nxf3 g4 19. hxg4 hxg4+ 20. Nh2 Qg5 21. f3
Nh5 22. Bf2 Bxf2 23. Qxf2 g3 24. Qc2 gxh2 25. c4 Ng3# 0-1

[Event "X Open"]
[Site "Crema ITA"]
[Date "2008.09.05"]
[Round "1"]
[White "Caramaschi, Vincenzo"]
[Black "Castrogiovanni, Carlo"]
[Result "0-1"]
[WhiteElo "1656"]
[BlackElo "2055"]
[PlyCount "70"]
[EventDate "2008.09.05"]

1. e4 c5 2. Nf3 a6 3. d4 cxd4 4. Nxd4 Nf6 5. Nc3 e5 6. Nde2 Bb4 7. Ng3 d6 8.
Bc4 Qc7 9. Bb3 O-O 10. O-O Be6 11. Bxe6 fxe6 12. Nce2 Nc6 13. c3 Bc5 14. b4 Ba7
15. Kh1 Ng4 16. Qe1 Nxf2+ 17. Rxf2 Rxf2 18. Ng1 Rf7 19. Nf3 Raf8 20. Ng5 Re7
21. Nh5 g6 22. Ng3 Qb6 23. Bd2 Qf2 24. Qd1 Nd8 25. Nh3 Qb6 26. Bh6 Rfe8 27. Nh5
gxh5 28. Qxh5 Qc7 29. Rf1 Rf7 30. Rf3 Qe7 31. Rg3+ Kh8 32. Bg7+ Rxg7 33. Rxg7
Kxg7 34. Ng5 Kh8 35. Nxh7 Qf7 0-1

[Event "X Open"]
[Site "Crema ITA"]
[Date "2008.09.05"]
[Round "1"]
[White "Cautiero, Pietro"]
[Black "Bertoletti, Vincenzo"]
[Result "1/2-1/2"]
[WhiteElo "1900"]
[BlackElo "1466"]
[PlyCount "41"]
[EventDate "2008.09.05"]

1. e4 d5 2. exd5 Nf6 3. Nc3 Nxd5 4. Bc4 c6 5. Qf3 e6 6. Nge2 Qf6 7. Qxf6 Nxf6
8. d4 Nbd7 9. O-O Bd6 10. Bf4 Bxf4 11. Nxf4 O-O 12. Rfe1 Re8 13. Rad1 a6 14. a4
b5 15. axb5 cxb5 16. Bb3 Bb7 17. d5 Nc5 18. dxe6 Nxb3 19. exf7+ Kxf7 20. cxb3
Rxe1+ 21. Rxe1 1/2-1/2

[Event "X Open"]
[Site "Crema ITA"]
[Date "2008.09.05"]
[Round "1"]
[White "Della Ragione, Achille"]
[Black "Mattia, Ermanno"]
[Result "1-0"]
[WhiteElo "2033"]
[BlackElo "1646"]
[PlyCount "81"]
[EventDate "2008.09.05"]

1. c4 Nf6 2. Nc3 g6 3. g3 Nc6 4. Bg2 Bg7 5. d3 O-O 6. e4 e5 7. Nge2 d6 8. O-O
Nh5 9. f4 exf4 10. Nxf4 Nxf4 11. Bxf4 Ne5 12. h3 Be6 13. Rc1 Qd7 14. Kh2 f5 15.
b3 fxe4 16. Nxe4 c6 17. d4 Nf7 18. g4 Qd8 19. Qd2 d5 20. Nc5 Bc8 21. cxd5 cxd5
22. Na4 Bd7 23. Nc5 Bc8 24. Rfe1 Kh8 25. Ne6 Bxe6 26. Rxe6 Qd7 27. Ree1 Rac8
28. Rc5 Rxc5 29. dxc5 d4 30. Qb4 Nd8 31. Bd6 Rf2 32. Qa4 b5 33. Qa6 d3 34. Re7
Qxe7 35. Bxe7 Be5+ 36. Kg1 Rxg2+ 37. Kxg2 d2 38. Qc8 d1=Q 39. Qxd8+ Qxd8 40.
Bxd8 Kg8 41. c6 1-0

[Event "X Open"]
[Site "Crema ITA"]
[Date "2008.09.05"]
[Round "1"]
[White "Folcini, Gaddo"]
[Black "Scarabelli, Maurizio"]
[Result "0-1"]
[WhiteElo "1516"]
[BlackElo "1927"]
[PlyCount "69"]
[EventDate "2008.09.05"]

1. d4 d5 2. e4 e6 3. e5 c5 4. Nf3 cxd4 5. Bb5+ Bd7 6. Bxd7+ Nxd7 7. Qxd4 Qc7 8.
O-O Ne7 9. Bg5 Nc6 10. Qf4 Ndxe5 11. Kh1 Bd6 12. Re1 Nd3 13. Rxe6+ fxe6 14. Qh4
Nde5 15. Nbd2 Nxf3 16. Nxf3 O-O 17. Qg4 Qf7 18. Re1 Qf5 19. Qh4 Rae8 20. Bd2
Be7 21. Qg3 e5 22. Be3 Bf6 23. Ng1 e4 24. Bd2 Be5 25. Qb3 Qf7 26. Nh3 Kh8 27.
Rf1 d4 28. Qa3 e3 29. Be1 e2 30. Rg1 Qf5 31. g4 Qf3+ 32. Qxf3 Rxf3 33. Ng5 Rf6
34. Ne4 Rf4 35. f3 0-1

[Event "X Open"]
[Site "Crema ITA"]
[Date "2008.09.05"]
[Round "1"]
[White "Galli, Fabrizio"]
[Black "Blengino, Luca"]
[Result "0-1"]
[WhiteElo "1463"]
[BlackElo "1890"]
[PlyCount "70"]
[EventDate "2008.09.05"]

1. d4 Nf6 2. Nf3 g6 3. Nbd2 d5 4. e3 Bg7 5. Bd3 O-O 6. c3 Re8 7. O-O Nc6 8. Re1
e5 9. dxe5 Nxe5 10. Nxe5 Rxe5 11. Nf3 Re8 12. Ng5 h6 13. Nf3 c5 14. c4 Bg4 15.
Be2 dxc4 16. Qc2 Qc7 17. Qxc4 Rac8 18. h3 Be6 19. Qc2 Bf5 20. Bd3 Bxd3 21. Qxd3
Ne4 22. Rb1 c4 23. Qc2 b5 24. Nd4 Qc5 25. Rd1 b4 26. Ne2 c3 27. f3 Nd6 28. bxc3
bxc3 29. Rd3 Nf5 30. Rb3 Nxe3 31. Bxe3 Rxe3 32. Rxe3 Qxe3+ 33. Kf1 Qd2 34. Qxd2
cxd2 35. Rd3 Rc1+ 0-1

[Event "X Open"]
[Site "Crema ITA"]
[Date "2008.09.05"]
[Round "1"]
[White "Gerundino, Nicola"]
[Black "Frugoni, Giulio"]
[Result "1-0"]
[WhiteElo "1964"]
[BlackElo "1559"]
[PlyCount "101"]
[EventDate "2008.09.05"]

1. e4 Nf6 2. e5 Nd5 3. Nc3 Nb6 4. d4 e6 5. Bd3 d5 6. Be3 N8d7 7. Qg4 g6 8. Bg5
Be7 9. Bxe7 Qxe7 10. Nf3 a6 11. O-O c5 12. dxc5 Nxc5 13. Be2 Bd7 14. a4 Bc6 15.
a5 Nbd7 16. Qd4 O-O 17. Nd2 f6 18. f4 fxe5 19. fxe5 Qg5 20. Nf3 Qh6 21. Rae1
Rf4 22. Qd2 d4 23. g3 Bxf3 24. Qxf4 Qxf4 25. gxf4 dxc3 26. Bxf3 cxb2 27. Rb1
Na4 28. Rfe1 Rb8 29. Re3 b5 30. axb6 Rxb6 31. Rb3 Kf7 32. Kf2 Ke7 33. Ke3 Ke8
34. Kd4 Kd8 35. Kc4 Kc7 36. Rb4 Ndc5 37. c3 Rb5 38. Kd4 Nb3+ 39. Kd3 Nbc5+ 40.
Kc2 Kb6 41. Be2 Rxb4 42. cxb4 Ne4 43. Bg4 Nec3 44. Rxb2 Nxb2 45. Kxc3 Na4+ 46.
Kc4 Nb2+ 47. Kc3 Na4+ 48. Kb3 Kb5 49. Be2+ Kc6 50. Kxa4 Kd5 51. Bxa6 1-0

[Event "X Open"]
[Site "Crema ITA"]
[Date "2008.09.05"]
[Round "1"]
[White "Guzzetti, Luigi Enrico"]
[Black "Ficco, Corrado"]
[Result "1/2-1/2"]
[WhiteElo "1739"]
[BlackElo "2141"]
[PlyCount "143"]
[EventDate "2008.09.05"]

1. e4 c5 2. Nf3 e6 3. d4 cxd4 4. Nxd4 Nf6 5. Nc3 Nc6 6. Be3 Bb4 7. Bd3 d5 8.
O-O Bxc3 9. bxc3 dxe4 10. Bb5 Bd7 11. Qe2 O-O 12. Rfd1 Qc7 13. Bg5 Nd5 14. Bd2
f5 15. Bxc6 bxc6 16. c4 Nf6 17. Nb3 c5 18. Be3 Ng4 19. g3 Nxe3 20. Qxe3 Rac8
21. Rd2 Ba4 22. Rad1 Rfe8 23. Rd6 h6 24. Qf4 Qe7 25. Ra6 Bxb3 26. cxb3 Rcd8 27.
Rdd6 Rxd6 28. Qxd6 Kf7 29. Qxe7+ Rxe7 30. Rc6 Kf6 31. Rxc5 Rd7 32. Kf1 Ke7 33.
Ke2 Kd6 34. Rb5 Kc6 35. h4 g5 36. hxg5 hxg5 37. f3 exf3+ 38. Kxf3 Rd3+ 39. Kf2
Rd2+ 40. Kf3 Rxa2 41. Re5 Kd6 42. Rb5 Ra3 43. Ke3 a5 44. Kd4 a4 45. c5+ Kc7 46.
bxa4 Rxa4+ 47. Ke5 Re4+ 48. Kf6 Kc6 49. Rb3 g4 50. Rc3 Re1 51. Kg5 Re5 52. Kf6
Re2 53. Kg5 Rf2 54. Re3 Kd5 55. Kf6 Kxc5 56. Rxe6 Kd4 57. Kg5 Rf3 58. Re1 Re3
59. Rf1 Rf3 60. Re1 Kd3 61. Re5 Rxg3 62. Rxf5 Rg1 63. Kh4 Ke3 64. Rf8 Rg2 65.
Rf7 Ke4 66. Rf8 Ke5 67. Rf7 Rg1 68. Rg7 Kf5 69. Rf7+ Ke4 70. Rg7 Kf5 71. Rf7+
Kg6 72. Rf4 1/2-1/2

[Event "X Open"]
[Site "Crema ITA"]
[Date "2008.09.05"]
[Round "1"]
[White "Kljunic, Brane"]
[Black "Orlandi, Stefano"]
[Result "0-1"]
[WhiteElo "1527"]
[BlackElo "1962"]
[PlyCount "98"]
[EventDate "2008.09.05"]

1. d4 f5 2. Nf3 Nf6 3. Bf4 e6 4. e3 Be7 5. Bd3 O-O 6. Nc3 d6 7. Qe2 a6 8. Bc4
d5 9. Bd3 c5 10. Qd2 c4 11. Be2 Bb4 12. Bg5 Ne4 13. Bxd8 Nxd2 14. Nxd2 Rxd8 15.
O-O Nd7 16. Nf3 Nf6 17. Na4 Nd7 18. c3 Bd6 19. b4 b5 20. Nb2 h6 21. a4 Bb7 22.
Ra2 a5 23. bxa5 Rxa5 24. Rfa1 b4 25. cxb4 Bxb4 26. Nd1 Bc6 27. Rb1 Bd6 28. Nc3
Rb8 29. Rxb8+ Bxb8 30. g3 Bd6 31. Bd1 Bb4 32. Ne2 g5 33. Kg2 c3 34. Nc1 Nb6 35.
Nd3 Bd6 36. Nc5 Bxc5 37. dxc5 Rxc5 38. a5 Nc4 39. a6 Nb2 40. Bc2 Ba8 41. Nd4 e5
42. Nxf5 d4+ 43. e4 d3 44. Bb3+ Kh7 45. f3 c2 46. a7 c1=Q 47. Ra6 Rc6 48. Ra2
Qd2+ 49. Kh3 Qf2 0-1

[Event "X Open"]
[Site "Crema ITA"]
[Date "2008.09.05"]
[Round "1"]
[White "Maccarini, Luca Nicola"]
[Black "Cervini, Ernesto"]
[Result "0-1"]
[WhiteElo "1920"]
[BlackElo "1494"]
[PlyCount "86"]
[EventDate "2008.09.05"]

1. d4 d5 2. Nf3 c6 3. c4 Nf6 4. Nc3 e6 5. Bg5 Nbd7 6. e3 Bd6 7. Bd3 O-O 8. O-O
Qc7 9. Rc1 h6 10. Bh4 Re8 11. cxd5 exd5 12. Nb5 Qb8 13. Nxd6 Qxd6 14. Bg3 Qe6
15. h3 Ne4 16. Bh2 Ndf6 17. b4 a6 18. a4 Bd7 19. Ne5 Bc8 20. Qc2 Qe7 21. Qb2
Ng5 22. Ra1 Nxh3+ 23. gxh3 Bxh3 24. Rfe1 Ne4 25. Bxe4 Qg5+ 26. Kh1 dxe4 27. Rg1
Qf5 28. Rg3 g5 29. f4 exf3 30. Rxf3 Qe4 31. Kg1 Rxe5 32. Qf2 Rf5 33. Rxh3 Rxf2
34. Kxf2 Re8 35. Be5 f6 36. Bc7 h5 37. Re1 g4 38. Rxh5 Qf3+ 39. Kg1 Rxe3 40.
Rxe3 Qxe3+ 41. Kg2 Qf3+ 42. Kg1 g3 43. Rh3 Qf2+ 0-1

[Event "X Open"]
[Site "Crema ITA"]
[Date "2008.09.05"]
[Round "1"]
[White "Mansueti, Marco"]
[Black "Bonazzi, Edoardo"]
[Result "0-1"]
[WhiteElo "1745"]
[BlackElo "2163"]
[PlyCount "72"]
[EventDate "2008.09.05"]

1. d4 Nf6 2. Bf4 d5 3. Nf3 e6 4. e3 Be7 5. Be2 c5 6. dxc5 Bxc5 7. c3 O-O 8.
Nbd2 Nc6 9. Qc2 Re8 10. Ne5 Bd6 11. Nxc6 bxc6 12. Bxd6 Qxd6 13. Rd1 Rb8 14. O-O
Qc7 15. b3 Qb6 16. e4 e5 17. h3 a5 18. Kh2 Ba6 19. Bxa6 Qxa6 20. Rfe1 Rbd8 21.
exd5 cxd5 22. f3 Qc6 23. Rc1 Qc7 24. Kh1 Nh5 25. Nf1 Nf4 26. Ng3 g6 27. Ne2 Nh5
28. Qd2 f5 29. c4 d4 30. a3 Qg7 31. c5 e4 32. fxe4 fxe4 33. Rc4 d3 34. Nc3 Rd4
35. Rxd4 Qxd4 36. Na4 e3 0-1

[Event "X Open"]
[Site "Crema ITA"]
[Date "2008.09.05"]
[Round "1"]
[White "Marchesotti, Giovanni"]
[Black "Annoni, Riccardo"]
[Result "0-1"]
[WhiteElo "1675"]
[BlackElo "2068"]
[PlyCount "82"]
[EventDate "2008.09.05"]

1. g3 c5 2. Bg2 g6 3. c4 Bg7 4. Nc3 Nc6 5. Nf3 d6 6. O-O e5 7. d3 Nge7 8. Ne1
Be6 9. e4 Qd7 10. Be3 Bh3 11. Qd2 h5 12. Nd5 Nxd5 13. cxd5 Ne7 14. Nf3 f6 15.
b4 b6 16. bxc5 bxc5 17. Rab1 Bxg2 18. Kxg2 h4 19. Nxh4 g5 20. Nf5 Nxf5 21. exf5
Qxf5 22. f3 O-O 23. Rb7 Rfb8 24. Rfb1 Rxb7 25. Rxb7 Kh7 26. g4 Qc8 27. Qb2 c4
28. dxc4 Qxc4 29. Rxg7+ Kxg7 30. Qb7+ Kg6 31. Qxa8 Qxa2+ 32. Kg3 Qc4 33. Qe8+
Kg7 34. Qe7+ Kg6 35. Qxd6 Qd3 36. Qc5 e4 37. fxe4 Qxe4 38. Qd4 Qe8 39. Qxa7
Qe5+ 40. Kh3 Qxd5 41. Qd4 Qf3# 0-1

[Event "X Open"]
[Site "Crema ITA"]
[Date "2008.09.05"]
[Round "1"]
[White "Martino, Antonio M."]
[Black "Madaschi, Sergio"]
[Result "1-0"]
[WhiteElo "2007"]
[BlackElo "1595"]
[PlyCount "89"]
[EventDate "2008.09.05"]

1. c4 Nf6 2. Nc3 g6 3. g3 Bg7 4. Bg2 d6 5. e4 Nc6 6. Nge2 O-O 7. O-O e5 8. d3
h6 9. h3 Ne8 10. Kh2 f5 11. f4 Nf6 12. Be3 Qe7 13. Qd2 Kh7 14. Nd5 Nxd5 15.
cxd5 Nd8 16. Rac1 c5 17. Nc3 Bd7 18. Rce1 Nf7 19. a4 a6 20. a5 Rab8 21. Rb1 b5
22. b4 Rbc8 23. Ne2 Rc7 24. Rfc1 Rfc8 25. Ng1 exf4 26. gxf4 cxb4 27. Qxb4 Bc3
28. Qa3 b4 29. Qa2 Bb5 30. Rd1 Qe8 31. Nf3 Ba4 32. Rg1 b3 33. Rxb3 Bxb3 34.
Qxb3 Bxa5 35. Nd4 Rc3 36. Qa2 Rxd3 37. Qxa5 Rxe3 38. Ne6 Qb5 39. Qa1 Rcc3 40.
exf5 gxf5 41. Qd1 Qe2 42. Qxe2 Rxe2 43. Kh1 Rc4 44. Bf1 Kh8 45. Bxe2 1-0

[Event "X Open"]
[Site "Crema ITA"]
[Date "2008.09.05"]
[Round "1"]
[White "Masotti, Roberto"]
[Black "Cattaneo, Dario"]
[Result "1-0"]
[WhiteElo "1954"]
[BlackElo "1517"]
[PlyCount "59"]
[EventDate "2008.09.05"]

1. d4 e6 2. c4 d5 3. Nc3 Nf6 4. cxd5 Nxd5 5. e4 Nxc3 6. bxc3 c5 7. Be3 cxd4 8.
Bxd4 Nc6 9. Bb5 Bd7 10. Rb1 e5 11. Be3 Be7 12. Nf3 Bg4 13. Bxc6+ bxc6 14. Qxd8+
Rxd8 15. Nxe5 Bd7 16. Rb7 Bf6 17. Nxd7 Bxc3+ 18. Ke2 Rxd7 19. Rb8+ Rd8 20.
Rxd8+ Kxd8 21. Rc1 Bf6 22. Rxc6 Kd7 23. Ra6 Ra8 24. Rxa7+ Rxa7 25. Bxa7 Kc6 26.
Kd3 Kb5 27. Bd4 Kb4 28. Bxf6 gxf6 29. Ke3 Ka3 30. Kf4 1-0

[Event "X Open"]
[Site "Crema ITA"]
[Date "2008.09.05"]
[Round "1"]
[White "Milanesi, Erminio"]
[Black "Giassi, Roberto"]
[Result "1-0"]
[WhiteElo "1879"]
[BlackElo "1461"]
[PlyCount "63"]
[EventDate "2008.09.05"]

1. e4 c5 2. d3 Nc6 3. g3 Nf6 4. Nh3 d6 5. f3 e5 6. Nf2 Be6 7. Bg2 Be7 8. O-O
Qc7 9. Be3 O-O 10. f4 Rad8 11. f5 Bc8 12. c4 Nd4 13. Nc3 Bd7 14. g4 b5 15. g5
Ne8 16. Nd5 Qb7 17. Nxe7+ Kh8 18. Nd5 bxc4 19. dxc4 Bc6 20. b3 Nc7 21. Nxc7
Qxc7 22. Bxd4 cxd4 23. Qh5 d5 24. exd5 Bd7 25. Ne4 Qc8 26. f6 Bg4 27. fxg7+
Kxg7 28. Qh6+ Kh8 29. Nf6 Bf5 30. Nh5 Rg8 31. Qf6+ Rg7 32. Qxg7# 1-0

[Event "X Open"]
[Site "Crema ITA"]
[Date "2008.09.05"]
[Round "1"]
[White "Mussap, Angelo"]
[Black "Potenza, Gaetano"]
[Result "0-1"]
[WhiteElo "2056"]
[BlackElo "1668"]
[PlyCount "131"]
[EventDate "2008.09.05"]

1. e4 c5 2. Nc3 e6 3. f4 Nc6 4. Nf3 Nge7 5. Nb5 Ng6 6. d4 a6 7. Nc3 cxd4 8.
Nxd4 Nge7 9. Nb3 Qc7 10. Be3 b5 11. Qd2 Bb7 12. Bxb5 Nc8 13. Bd3 Nb6 14. Qf2
Nc8 15. a3 d6 16. O-O Be7 17. f5 O-O 18. Qg3 Bf6 19. Bf4 Ne5 20. Bh6 Qe7 21.
Bxg7 Bh4 22. Bxf8+ Kxf8 23. Qh3 Qg5 24. fxe6 Ne7 25. Nd4 N7g6 26. exf7 Bc8 27.
Qxc8+ Rxc8 28. Ne6+ Ke7 29. Nxg5 Bxg5 30. Nd5+ Ke6 31. Bxa6 Rf8 32. Bc4 Nxc4
33. b3 Nd2 34. Rf5 Nxe4 35. Raf1 Bd8 36. g3 Ne5 37. c4 Nd2 38. R1f4 Nd3 39. Rd4
Kxf5 40. Rxd3 Ne4 41. b4 Ke5 42. Ne3 Rxf7 43. Rd5+ Ke6 44. c5 Rf3 45. Rd3 Bg5
46. cxd6 Rxe3 47. Rd4 Nxd6 48. a4 Ra3 49. Rg4 Be3+ 50. Kg2 Rxa4 51. Rh4 h6 52.
Kf3 Bd2 53. Rd4 Bxb4 54. Kg4 Ke5 55. Rf4 Ne4 56. Rf5+ Ke6 57. Rb5 Bd2 58. Kf3
Nd6 59. Rb2 Ra3+ 60. Kg4 Ra4+ 61. Kf3 Bg5 62. h4 Bf6 63. Rb3 Kf5 64. Rd3 Be5
65. Re3 h5 66. Rb3 0-1